[Event "Limon op"]
[Site "Limon"]
[Date "2014.11.28"]
[Round "4"]
[White "Jerves Cordova, Carlos Jose"]
[Black "Arias Cango, Nathaly del Cisne"]
[Result "1-0"]
[WhiteElo "1916"]
[BlackElo "1600"]
[PlyCount "85"]
[EventDate "2014.11.27"]
[EventType "swiss"]
[EventRounds "7"]
[EventCountry "ECU"]
[SourceTitle "CBM 163 Extra"]
[Source "ChessBase"]
[SourceDate "2014.12.23"]
[SourceVersion "1"]
[SourceVersionDate "2014.12.23"]
[SourceQuality "1"]

1. e4 c5 2. Nf3 d6 3. d4 cxd4 4. Qxd4 a6 5. Be3 Nc6 6. Qb6 Qxb6 7. Bxb6 Nf6 8. Nc3 Bg4 9. Nd2 g6 10. f3 Be6 11. Bc4 Bxc4 12. Nxc4 Bg7 13. Kf2 Rc8 14. Be3 Nd7 15. Nd5 0-0 16. Rad1 b5 17. Ncb6 Nxb6 18. Nxb6 Rcd8 19. c4 bxc4 20. Nxc4 Rb8 21. b3 Nb4 22. Rd2 Bc3 23. Re2 d5 24. exd5 Nxd5 25. Rd1 e6 26. Bd4 a5 27. Ne3 Nxe3 28. Kxe3 Rfd8 29. Rd3 Bb4 30. Rc2 Rb5 31. Bf6 Rxd3+ 32. Kxd3 Rd5+ 33. Ke2 Bc5 34. a3 Rf5 35. g4 Rd5 36. b4 axb4 37. axb4 Bf8 38. Rc8 Rd7 39. b5 h6 40. b6 h5 41. g5 h4 42. h3 e5 43. Rb8 1-0

[Event "Limon op"]
[Site "Limon"]
[Date "2014.11.27"]
[Round "1"]
[White "Pacheco Jimenez, Yesenia Camila"]
[Black "Jerves Cordova, Carlos Jose"]
[Result "1/2-1/2"]
[WhiteElo "1328"]
[BlackElo "1916"]
[PlyCount "108"]
[EventDate "2014.11.27"]
[EventType "swiss"]
[EventRounds "7"]
[EventCountry "ECU"]
[SourceTitle "CBM 163 Extra"]
[Source "ChessBase"]
[SourceDate "2014.12.23"]
[SourceVersion "1"]
[SourceVersionDate "2014.12.23"]
[SourceQuality "1"]

1. e4 e6 2. d4 d5 3. e5 c5 4. c3 Nc6 5. Nf3 Nge7 6. Be2 Nf5 7. 0-0 cxd4 8. cxd4 Qb6 9. Nc3 Ncxd4 10. Nxd4 Qxd4 11. Bb5+ Bd7 12. Bxd7+ Kxd7 13. Qb3 Qb4 14. Qd1 Be7 15. a3 Qd4 16. Qe2 Qc4 17. Qxc4 dxc4 18. Be3 Rhd8 19. Nb5 a6 20. Rad1+ Kc6 21. Nc3 h5 22. Ne4 b5 23. Bg5 Rd5 24. Bxe7 Rxe5 25. Ng5 Nxe7 26. Nxf7 Rf5 27. Nd8+ Kb6 28. Nxe6 g5 29. Rfe1 Rg8 30. Rd6+ Ka5 31. Nc7 Rg6 32. Rxg6 Nxg6 33. Re6 Ka4 34. Rxg6 Kb3 35. Nxa6 Kxb2 36. Nb4 Kxa3 37. Nc2+ Kb2 38. Ne3 Rc5 39. Rb6 c3 40. Nd1+ Kb3 41. Ne3 c2 42. Nxc2 Kxc2 43. Kf1 Kc3 44. Ke2 b4 45. Kd1 Kb3 46. Kd2 Ka3 47. Kd3 b3 48. Kd4 Rc2 49. Ra6+ Kb2 50. Ke3 Kb1 51. Ra5 Rc3+ 52. Kd2 Rc2+ 53. Ke3 Rc3+ 54. Kd2 Rc2+ 1/2-1/2

[Event "San Cristobal Bolivar op 1st"]
[Site "San Cristobal"]
[Date "2012.09.27"]
[Round "5"]
[White "Ynojosa Aponte, Felix Jose"]
[Black "Jerves Cordova, Carlos Jose"]
[Result "1-0"]
[WhiteElo "2361"]
[BlackElo "1923"]
[PlyCount "73"]
[EventDate "2012.09.25"]
[EventType "swiss"]
[EventRounds "10"]
[EventCountry "VEN"]
[SourceTitle "EXT 2013"]
[Source "ChessBase"]
[SourceDate "2012.11.22"]
[SourceVersion "1"]
[SourceVersionDate "2012.11.22"]
[SourceQuality "1"]

1. e4 e6 2. d4 d5 3. exd5 exd5 4. Nf3 Nc6 5. c4 Bb4+ 6. Nc3 Nge7 7. Be2 0-0 8. 0-0 Bg4 9. cxd5 Nxd5 10. Nxd5 Qxd5 11. Be3 Ne7 12. h3 Bh5 13. Qa4 Bd6 14. Rab1 c6 15. a3 Bc7 16. Rfe1 Qd6 17. Qb4 Qxb4 18. axb4 a6 19. g4 Bg6 20. Ne5 Nd5 21. Bd2 Rad8 22. h4 f6 23. Nxg6 hxg6 24. Bd3 Kf7 25. h5 gxh5 26. gxh5 Ne7 27. Re4 Rh8 28. Rbe1 Nd5 29. Rh4 Ne7 30. Rhe4 Nd5 31. Rg4 Ne7 32. Rxg7+ Kxg7 33. Rxe7+ Kf8 34. Rxc7 Rxd4 35. Rc8+ Kg7 36. h6+ Rxh6 37. Rc7+ 1-0

[Event "San Cristobal Bolivar op 1st"]
[Site "San Cristobal"]
[Date "2012.09.26"]
[Round "2"]
[White "Jerves Cordova, Carlos Jose"]
[Black "Marin Ramirez, Gerardo"]
[Result "1/2-1/2"]
[WhiteElo "1923"]
[BlackElo "2201"]
[PlyCount "69"]
[EventDate "2012.09.25"]
[EventType "swiss"]
[EventRounds "10"]
[EventCountry "VEN"]
[SourceTitle "EXT 2013"]
[Source "ChessBase"]
[SourceDate "2012.11.22"]
[SourceVersion "1"]
[SourceVersionDate "2012.11.22"]
[SourceQuality "1"]

1. e4 c5 2. Nf3 d6 3. d4 cxd4 4. Qxd4 a6 5. c4 Nc6 6. Qd1 g6 7. Nc3 Bg7 8. Be2 Nf6 9. 0-0 0-0 10. Ne1 Nd7 11. Be3 Nc5 12. f3 Be6 13. Rc1 a5 14. Nd3 Nxd3 15. Bxd3 Ne5 16. b3 Nd7 17. Na4 Qc7 18. c5 dxc5 19. Nxc5 Nxc5 20. Rxc5 Qd6 21. Bc4 a4 22. bxa4 Be5 23. Bxe6 Bxh2+ 24. Kh1 fxe6 25. Qb3 Bf4 26. Rd1 Qa6 27. Rb5 Bxe3 28. Qxe3 Qxa4 29. Qb3 Qxa2 30. Qxa2 Rxa2 31. Rxb7 Kf7 32. Rdd7 Re8 33. Kh2 h5 34. Rdc7 Kf6 35. Rb3 1/2-1/2

[Event "Duran zt 2.3.5"]
[Site "Duran"]
[Date "2012.03.11"]
[Round "9"]
[White "Harper, Ryan"]
[Black "Jerves Cordova, Carlos Jose"]
[Result "0-1"]
[WhiteElo "2253"]
[BlackElo "1844"]
[PlyCount "92"]
[EventDate "2012.03.05"]
[EventType "swiss"]
[EventRounds "9"]
[EventCountry "ECU"]
[SourceTitle "EXT 2023"]
[Source "ChessBase"]
[SourceDate "2022.10.05"]
[SourceVersion "1"]
[SourceVersionDate "2022.10.05"]
[SourceQuality "1"]

1. e4 e6 2. d4 d5 3. Nc3 Bb4 4. e5 c5 5. a3 Bxc3+ 6. bxc3 Qc7 7. Bd2 Nc6 8. Qg4 f5 9. Qf4 Nge7 10. Nf3 Bd7 11. h4 0-0-0 12. h5 h6 13. Be2 Rdg8 14. Nh4 Na5 15. Rh3 Nc4 16. Bc1 Ba4 17. Bd1 g5 18. hxg6 Nxg6 19. Nxg6 Rxg6 20. Kf1 Rhg8 21. g3 Qa5 22. Bh5 Qxc3 23. Bxg6 Bxc2 24. Bf7 Bd3+ 25. Kg1 Rg4 26. Bb2 Qxb2 27. Qc1 Qxd4 28. Bxe6+ Kc7 29. Ra2 Nxe5 30. Qe3 Qxe3 31. fxe3 Be4 32. Rf2 Nf3+ 33. Kf1 Ng5 34. Rxh6 Nxe6 35. Rxe6 Rxg3 36. Rh2 Rg7 37. Kf2 a6 38. Rhh6 c4 39. Ke1 c3 40. Rhg6 Rd7 41. Rg3 c2 42. Kd2 d4 43. Kc1 dxe3 44. Rg1 e2 45. Kb2 Rd1 46. Rg7+ Kb8 0-1

[Event "Duran zt 2.3.5"]
[Site "Duran"]
[Date "2012.03.07"]
[Round "4"]
[White "Matoewi, Roger"]
[Black "Jerves Cordova, Carlos Jose"]
[Result "1-0"]
[WhiteElo "2128"]
[BlackElo "1844"]
[PlyCount "85"]
[EventDate "2012.03.05"]
[EventType "swiss"]
[EventRounds "9"]
[EventCountry "ECU"]
[SourceTitle "EXT 2023"]
[Source "ChessBase"]
[SourceDate "2022.10.05"]
[SourceVersion "1"]
[SourceVersionDate "2022.10.05"]
[SourceQuality "1"]

1. e4 e6 2. d4 d5 3. Nd2 dxe4 4. Nxe4 Nf6 5. Bg5 Be7 6. Nxf6+ gxf6 7. Be3 b6 8. Be2 Bb7 9. Bf3 c6 10. Ne2 Qc7 11. Bf4 Bd6 12. Bxd6 Qxd6 13. Qd2 Nd7 14. 0-0-0 0-0-0 15. Kb1 Kb8 16. c4 Rc8 17. Nc3 Rhd8 18. h4 c5 19. Nb5 Qe7 20. Bxb7 Kxb7 21. Qf4 e5 22. Qe4+ Kb8 23. d5 Nf8 24. h5 a6 25. Nc3 Qd7 26. Rh3 b5 27. cxb5 axb5 28. Nxb5 Ne6 29. Rb3 c4 30. Rb4 Nc5 31. Qxc4 Na6 32. Nd6+ Ka7 33. Nxc8+ Rxc8 34. Qe4 Nxb4 35. Qxb4 Qf5+ 36. Ka1 Qxf2 37. Qa4+ Kb8 38. Qb3+ Ka8 39. d6 Qc5 40. a3 Rd8 41. Rd5 Qa7 42. Qb5 Rb8 43. Qc6+ 1-0

[Event "Guayaquil Feda Dia de los Reyes 176"]
[Site "Guayaquil"]
[Date "2012.01.08"]
[Round "7"]
[White "Leon Magallanes, Isaac David"]
[Black "Jerves Cordova, Carlos Jose"]
[Result "1-0"]
[WhiteElo "2005"]
[BlackElo "1808"]
[PlyCount "67"]
[EventDate "2012.01.06"]
[EventType "swiss"]
[EventRounds "7"]
[EventCountry "ECU"]
[SourceTitle "EXT 2014"]
[Source "ChessBase"]
[SourceDate "2013.11.20"]
[SourceVersion "1"]
[SourceVersionDate "2013.11.20"]
[SourceQuality "1"]

1. d4 Nf6 2. c4 g6 3. Nc3 Bg7 4. e4 d6 5. Be2 Nc6 6. Nf3 0-0 7. d5 Na5 8. 0-0 c5 9. h3 Rb8 10. Bf4 a6 11. e5 Ne8 12. a3 b6 13. b4 Nb7 14. Rc1 cxb4 15. axb4 a5 16. Nd4 Bd7 17. exd6 exd6 18. Ncb5 axb4 19. Nc6 Bxc6 20. dxc6 Qf6 21. Bd2 Na5 22. c7 Rc8 23. Bxb4 Nxc7 24. Nxc7 Rxc7 25. Qxd6 Rcc8 26. Bg4 Nxc4 27. Qxf6 Bxf6 28. Bxc8 Rxc8 29. Rfe1 b5 30. Rcd1 Ne5 31. Rd5 Rc4 32. Rxb5 Rxb4 33. Rxb4 Nd3 34. Re8+ 1-0

[Event "Guayaquil Feda Dia de los Reyes 176"]
[Site "Guayaquil"]
[Date "2012.01.07"]
[Round "4"]
[White "Jerves Cordova, Carlos Jose"]
[Black "Montenegro Torres, Carlos"]
[Result "0-1"]
[WhiteElo "1808"]
[BlackElo "2179"]
[PlyCount "52"]
[EventDate "2012.01.06"]
[EventType "swiss"]
[EventRounds "7"]
[EventCountry "ECU"]
[SourceTitle "EXT 2014"]
[Source "ChessBase"]
[SourceDate "2013.11.20"]
[SourceVersion "1"]
[SourceVersionDate "2013.11.20"]
[SourceQuality "1"]

1. e4 g6 2. d4 Bg7 3. Be3 c6 4. Nd2 d6 5. c3 Nf6 6. Be2 0-0 7. f4 Nbd7 8. Nh3 e5 9. Nf2 Qe7 10. 0-0 exd4 11. cxd4 Nxe4 12. Ndxe4 d5 13. Qb3 dxe4 14. Nd1 Nb6 15. Nc3 Be6 16. Qc2 f5 17. b3 Rfd8 18. Rfd1 Rd7 19. Rd2 Rad8 20. Rad1 h5 21. Bf1 Qb4 22. Ne2 Nd5 23. Kf2 Qa5 24. g3 Bf8 25. Nc1 Bb4 26. Re2 Nc3 0-1

[Event "Guayaquil Feda Dia de los Reyes 176"]
[Site "Guayaquil"]
[Date "2012.01.06"]
[Round "2"]
[White "Chang Suarez, Andres Felipe"]
[Black "Jerves Cordova, Carlos Jose"]
[Result "1-0"]
[WhiteElo "2033"]
[BlackElo "1808"]
[PlyCount "53"]
[EventDate "2012.01.06"]
[EventType "swiss"]
[EventRounds "7"]
[EventCountry "ECU"]
[SourceTitle "EXT 2014"]
[Source "ChessBase"]
[SourceDate "2013.11.20"]
[SourceVersion "1"]
[SourceVersionDate "2013.11.20"]
[SourceQuality "1"]

1. c4 c6 2. Nc3 d5 3. d4 f5 4. Nf3 Nf6 5. Bg5 e6 6. e3 Nbd7 7. cxd5 exd5 8. Bd3 g6 9. Ne5 Be7 10. f4 Ne4 11. Bxe7 Qxe7 12. Bxe4 fxe4 13. Qe2 Nxe5 14. fxe5 Bf5 15. 0-0-0 0-0-0 16. a3 Kb8 17. Kb1 c5 18. Nb5 cxd4 19. exd4 a6 20. Nd6 Rxd6 21. exd6 Qxd6 22. Qe3 Ka7 23. Rc1 Rc8 24. Rxc8 Bxc8 25. Rc1 Bf5 26. h3 h5 27. Ka2 1-0

[Event "Pan American-ch U20"]
[Site "Duran"]
[Date "2011.06.10"]
[Round "8"]
[White "Vera Siguenas, Deivy Anthoni"]
[Black "Jerves Cordova, Carlos Jose"]
[Result "1-0"]
[WhiteElo "1992"]
[BlackElo "1801"]
[PlyCount "65"]
[EventDate "2011.06.05"]
[EventType "swiss"]
[EventRounds "9"]
[EventCountry "ECU"]
[SourceTitle "EXT 2022"]
[Source "ChessBase"]
[SourceDate "2021.10.06"]
[SourceVersion "1"]
[SourceVersionDate "2021.10.06"]
[SourceQuality "1"]

1. d4 Nf6 2. c4 g6 3. Nc3 Bg7 4. Nf3 0-0 5. g3 d6 6. Bg2 Nc6 7. 0-0 e5 8. d5 Ne7 9. Ne1 Nh5 10. e4 a6 11. b4 Qe8 12. b5 f5 13. b6 cxb6 14. Ba3 f4 15. Bxd6 fxg3 16. hxg3 Qd7 17. Bxe7 Qxe7 18. d6 Qd8 19. Nd5 Qxd6 20. Rb1 b5 21. cxb5 Nf6 22. bxa6 Rxa6 23. Qd2 Nxd5 24. exd5 Ra4 25. Nf3 e4 26. Ng5 Re8 27. Qc2 Qa6 28. Qc7 Rf8 29. Rfc1 Qe2 30. Qxc8 Qxf2+ 31. Kh1 Rxc8 32. Rxc8+ Bf8 33. Rf1 1-0

[Event "Pan American-ch U20"]
[Site "Duran"]
[Date "2011.06.08"]
[Round "5"]
[White "Salazar Loor, Rodger Benjamin"]
[Black "Jerves Cordova, Carlos Jose"]
[Result "0-1"]
[WhiteElo "2040"]
[BlackElo "1801"]
[PlyCount "91"]
[EventDate "2011.06.05"]
[EventType "swiss"]
[EventRounds "9"]
[EventCountry "ECU"]
[SourceTitle "EXT 2022"]
[Source "ChessBase"]
[SourceDate "2021.10.06"]
[SourceVersion "1"]
[SourceVersionDate "2021.10.06"]
[SourceQuality "1"]

1. e4 e6 2. b3 d5 3. Bb2 Nf6 4. e5 Nfd7 5. f4 c5 6. Qg4 Nc6 7. Nf3 Qe7 8. Be2 g6 9. 0-0 Bg7 10. Qg3 0-0 11. c3 f6 12. d4 b6 13. Na3 a6 14. Nc2 b5 15. c4 fxe5 16. fxe5 dxc4 17. bxc4 b4 18. Bd3 Bb7 19. Rae1 cxd4 20. Ncxd4 Nc5 21. Bc2 Na5 22. Nd2 Rxf1+ 23. Rxf1 Rd8 24. Qe3 Qc7 25. N4b3 Na4 26. Nxa5 Qxa5 27. Bd4 Bc6 28. Ne4 Bxe4 29. Qxe4 Nc3 30. Bxc3 bxc3 31. Bb3 Qxe5 32. Re1 Qxe4 33. Rxe4 Bd4+ 34. Kf1 e5 35. c5+ Kg7 36. c6 Kf6 37. g4 Ke7 38. g5 Kd6 39. Ba4 Rf8+ 40. Ke1 Rb8 41. Re2 Rb1+ 42. Bd1 Kxc6 43. h4 Kc5 44. Rc2 Kb4 45. a4 a5 46. Ke2 0-1

[Event "Pan American-ch U20"]
[Site "Duran"]
[Date "2011.06.06"]
[Round "3"]
[White "Barros, Raul Junior"]
[Black "Jerves Cordova, Carlos Jose"]
[Result "1-0"]
[WhiteElo "2111"]
[BlackElo "1801"]
[PlyCount "47"]
[EventDate "2011.06.05"]
[EventType "swiss"]
[EventRounds "9"]
[EventCountry "ECU"]
[SourceTitle "EXT 2022"]
[Source "ChessBase"]
[SourceDate "2021.10.06"]
[SourceVersion "1"]
[SourceVersionDate "2021.10.06"]
[SourceQuality "1"]

1. e4 e6 2. d4 d5 3. Nd2 dxe4 4. Nxe4 Nf6 5. Nxf6+ gxf6 6. Nf3 b6 7. Bf4 Bb7 8. Bc4 Bd6 9. Bg3 Qe7 10. Qe2 Nd7 11. 0-0-0 c6 12. Kb1 0-0-0 13. Rhe1 Bxg3 14. hxg3 b5 15. Bb3 Nb6 16. c3 Kb8 17. Nd2 Rc8 18. Ne4 Rhd8 19. Nc5 a6 20. Qh5 Rh8 21. f4 Nd7 22. Nxb7 Kxb7 23. d5 Qc5 24. Qxf7 1-0